000 01007cam a2200313 a 4500
999 _c5321
_d5321
001 5321
003 BD-JhCC
005 20171212173536.0
008 860304s1986 coua b 001 0 eng
020 _a0891587969 (alk. paper) :
_c$26.00
020 _a0709909721 (U.K. : jacket)
035 _a(BD-JhCC)5321
040 _aDLC
_cDLC
_dDLC
041 _aeng
050 0 0 _aUA772
_b.E69 1986
082 0 0 _a355/.00947
_219
_bSOV 1986
100 1 _aErickson, John,
_d1929-
245 1 0 _aSoviet ground forces :
_ban operational assessment /
_cJohn Erickson, Lynn Hansen, and William Schneider.
260 _aBoulder, Colo. :
_bWestview Press ;
_aLondon :
_bCroom Helm,
_c1986.
300 _axix, 267 p. :
_bill. ;
_c24 cm.
500 _aIncludes index.
504 _aBibliography: p. 249-257.
610 1 0 _aSoviet Union.
_bSukhoputnye voĭska.
610 1 0 _aSoviet Union.
_bVoenno-vozdushnye sily.
700 1 _aHansen, Lynn M.
700 1 _aSchneider, William,
_d1941-
942 _2ddc
_cBK